Países menos poblados de Asia - Estadísticas

Estadísticas generales
  • Esta prueba ha sido intentada 29 veces
    22 desde el último reinicio
  • La puntuación promedio es 6 de 10
Answers on the Grid
Answers color-coded by a green-red scale on the quiz's grid according to % correct below.
Maldivas
Brunei
Mongolia
Armenia
Georgia
Butan
Timor Oriental
Barein
Catar
Chipre
Singapur
Kirguistan
Tayikistan
Oman
Kuwait
 
Estadísticas de respuestas
Respuesta % Correcto
Brunei
75%
Barein
69%
Butan
69%
Maldivas
69%
Timor Oriental
69%
Chipre
63%
Armenia
50%
Georgia
44%
Mongolia
44%
Catar
38%
No se encontraron pruebas coincidentes
Distribución de puntuación
Porcentaje de gente con cada puntuación
Porcentaje por número respondido
Historial de tus puntuaciones
No has intentado esta prueba desde el último reinicio